000 00687nam a2200229 a 4500
001 BRCA_7193
005 20190320205739.0
008 160112s1932----nyua######---#000-0#eng-#
041 _aeng
044 _anyu
050 4 _aF1215
_b.S67 1932
100 1 _aSpratling, William Philip
_d1900-1967
_917825
245 1 0 _aLittle Mexico
_cWilliam Spratling; Foreword by Diego Rivera; il. by the autor.
260 _aNueva York
_bJ. Cape & H. Smith
_cc1932
300 _a198 p.
_bil.
_c22 cm.
500 _aEstado físico: Camisa deteriorada
500 _aP87
651 4 _aMéxico
_xDescripción y viajes
_9103
700 1 _aRivera, Diego
_f1886-1957
_91330
902 _aGFM
942 _2lcc
_cB
999 _c6874
_d6874